| 000 | 00509nam a2200157 a 4500 | ||
|---|---|---|---|
| 008 | 120416s1978 ||||||||||||||||| || u | ||
| 050 | _aPR 6054.A9C4 Dav | ||
| 100 | _aDavidson, Lionel | ||
| 245 | 1 | 4 | _aThe Chelsea murders |
| 260 |
_aBook Club Associates _c1978 |
||
| 300 | _aiv, 236p. | ||
| 350 | _a0.00 | ||
| 650 | _aENGLISH LANGUAGE | ||
| 650 | _aENGLISH FICTION | ||
| 995 |
_D0.00 _FCBU-MAIN LIBRARY (Kitwe) _H1 _I4.95 _M1 _UAVAILABLE _ZFiction Collection |
||
| 999 |
_c37138 _d37138 |
||